000 01964 a2200229 4500
001 41137
005 20260407155705.0
008 260407a2006 arg spa d
003 AR-UNSa-BCEJYS
040 _aAR-UNSa-BCEJYS
_bspa
_cAR-UNSa-BCEJYS
080 _a351.71
_xBienes públicos. Obras públicas. Impuestos (Contratación pública)
245 1 0 _aEl régimen de contrataciones de la administración pública nacional
020 _a950-894-552-4
264 1 _aBuenos Aires :
_bAD-HOC
_c2006
300 _a236 p.
_c23 cm.
505 _a1. Regularidad normativa y efectos jurídicos del dec. 1023/01 - 2. Consecuencias jurídicas de las modificaciones impuestas al régimen de contrataciones por los decretos de necesidad y urgencia dictados a posteriori. Diferencias con los decretos delegados. Responsabilidad del estado - 3. La reglamentación transitoria al dec. 1023/01 - 4. Los contratos de la administración nacional - 5. Las innovaciones en materia procesal contractual - 6. Las cláusulas exorbitantes en los vínculos contractuales de la Administración federal - 7. La responsabilidad precontractual, contractual del Estado federal argentino, la de sus funcionarios y consesionarios de servicios públicos - 8. Definición del concepto "emergencia" desde distintos planos del conocimiento. Doctrina y jurisprudencia - 9. Los presupuestos jurídicos y fácticos que posibilitan la admisión regular del estado de emergencia y sus límites - 10. Acerca de los efectos jurídicos de la emergencia y su control judicial - 11. La emergencia en los contratos de la administración - 12. Síntesis cronológica de normas dictadas por la emergencia antes y después de la instauración del nuevo régimen contractual
041 _aspa
942 _cBK
590 _aniveau_biblio:m niveau_hierar:0
100 1 _aElgassi, Alberto Á.
856 4 1 _uhttps://biblioeco.unsa.edu.ar/pmb/images/libros/El_reg_contrat_Elgassi.jpg
_yImagen de portada
_qimage/jpeg
999 _c3390
_d3390